Žilina je park mozgov
Svetové automobilové koncerny vyhľadávajú na Slovensku nielen lacnú pracovnú silu, ale aj vzdelané mozgy. Pre Žilinu to platí osobitne. Časť z nich funguje na pôde Žilinskej univerzity (ŽU), iné založili vlastné firmy a intelektuálny trojuholník uzatvárajú vývojové pracoviská zahraničných spoločnost...
Salvato in:
| Autore principale: | |
|---|---|
| Natura: | Capitolo di libro |
| Lingua: | slovacco |
| Soggetti: | |
| Tags: |
Nessun Tag, puoi essere il primo ad aggiungerne!!
|
MARC
| LEADER | 00000naa$a2200000$$$4500 | ||
|---|---|---|---|
| 001 | 0007142 | ||
| 005 | 20231009074548.1 | ||
| 041 | 0 | |a slo | |
| 044 | |a SK | ||
| 245 | 1 | 0 | |a Žilina je park mozgov |c aut. Marián Benka |
| 520 | |a Svetové automobilové koncerny vyhľadávajú na Slovensku nielen lacnú pracovnú silu, ale aj vzdelané mozgy. Pre Žilinu to platí osobitne. Časť z nich funguje na pôde Žilinskej univerzity (ŽU), iné založili vlastné firmy a intelektuálny trojuholník uzatvárajú vývojové pracoviská zahraničných spoločností. Význam vývoja a výskumu v období znalostnej ekonomiky. Žilinský Vedecko-technický park (VTP) - vznik, ciele. V žilinskom parku zatiaľ funguje iba podnikateľský inkubátor. Prenájom špičkovej techniky. | ||
| 610 | 2 | 0 | |a sily pracovné |
| 610 | 2 | 0 | |a pracovníci kvalifikovaní |
| 610 | 2 | 0 | |a parky vedeckotechnické |
| 610 | 2 | 0 | |a výskum |
| 610 | 2 | 0 | |a vývoj |
| 610 | 2 | 0 | |a technika nová |
| 610 | 2 | 0 | |a Žilina |
| 100 | 1 | |a Benka, Marián | |